000 00765nam a2200253Ia 4500
005 20250425162641.0
008 250425s9999 xx 000 0 und d
020 _a9789962850076
041 _aspa
043 _apn
082 _a595.3843
_pMOR
100 _aMorales Q., Vielka
245 0 _aGuía Técnica: Patología e Inmunología de Camarones Peinados
_cVielka Morales Q.; Jorge Cuéllar-Anjel
250 _aSegunda Edición
260 _aPanamá
_bOIRSA
_c2014
300 _a381 p.
_bilustrado
_c24.2 cm.
500 _aÍndice, abreviaturas, glosario
504 _aReferencia bibliográfica
650 _aParásitos en Camarones
650 _aPatología del Camarón
700 _aCuellar-Anjel, Jorge
_eCoautor
942 _c01
010 _a93976
999 _c233604
_d233604